1570 1248 1047 1695 1013 1218 1821 1952 1057 1210 1052 1198 1904 1144 1144 1027 1945 1531 1219 1783 1150 1703 1162 1245 1752 1572 1726 1753 1692 1795 1316 1552 1097 1251 1309 1550 1034 1431 1907 1416 1131 1463 1760 1487 1111 1289 1103 1688 1924 1518 1974 1692 1320 1205 1799 1886 1610 1788 1564 1822 1557 1103 1951 1861 1731 1106 1446 1712 1921 1993 1538 1650 1227 1517 1713 1467 1449 1930 1362 1273 1169 1797 1177 1382 1424 1817 1253 1109 1904 1271 1966 1886 1309 1813 1605 1765 1465 1390 1069 BCNSPRNW ULIB Ver.6.0+V

เปลี่ยนเป็นภาษาไทย

Change to English
 แสดงรายละเอียดบรรณานุกรม
  กลับหน้าหลัก

Brief Record : Get Marc (ISO 2709) : E-mail record : QR code < ปิดหน้าต่าง
LEADER : 00000nam 2200000uu 4500
001    13399125103
003     ULIB
008    160624s2015||||th 000 0 eng d
020    9781451193916
060  4 WY 152 ^bH669m 2015
100 0  Hirst, Sandra p.^d1951-
245 00 Miller’s nursing for wellness in older adults / ^cSandra P. Hirst, Annette M. Lane, Carol A. Miller
246 0  Nursing for wellness in older adults
250    Canadian edition.
260    Philadelphia : ^bWolters Kluwer/Lippincott Williams & Wilkins Health, ^cc2015
300    xxvi, 620 p. : ^bill.
505 0  Part 1 Older adults and wellness -- Seeing Older Adults Through the Eyes of Wellness -- Addressing Diversity of Older Adults -- Applying a Nursing Model for Promoting Wellness in Older Adults -- Theoretical Perspectives on Aging Well -- Part 2 Nursing Considerations for Older Adults -- Gerontological Nursing and Health Promotion -- Health Care Settings for Older Adults -- Assessment of Health and Functioning -- Medications and Other Bioactive Substances -- Legal and Ethical Concerns -- Elder Abuse and Neglect -- Part 3 Promoting Wellness in Psychosocial Function -- Cognitive Function -- Psychosocial Function -- Psychosocial Assessment -- Impaired Cognitive Function: Delirium and Dementia -- Impaired Affective Function: Depression -- Part 4 Promoting Wellness in Physical Function ? Hearing -- Vision -- Digestion and Nutrition -- Urinary Function -- Cardiovascular Function -- Respiratory Function -- Mobility and Safety -- Integumentary Function -- Sleep and Rest -- Thermoregulation -- Sexual Function -- Part 5 Promoting Wellness in All Stages of Health and Illness -- Caring for Older Adults During Illness -- Caring for Older Adults Experiencing Pain -- Caring for Older Adults at the End of Life.
650  0 Older people ^xCare
650  0 Geriatric Nursing
700 0  Lane, Annette M., ^d1962-
700 0  Miller, Carol A.
945    ^p0^l0^i001344
999    ^aเกษร โพธิ์สุวรรณ
รายการนี้ยังไม่มีแท็ก
คุณยังไม่ได้ล็อกอิน คุณสามารถมีกิจกรรมร่วมกับเว็บไซต์ได้ แต่ต้องล็อกอินก่อน ::
  ล็อกอิน

รายการสื่อสารสนเทศ

ลำดับที่ ประเภท เลขเรียก/บาร์โค้ด สถานที่ สถานะ
1. วิทยาศาสตร์การแพทย์ และสุขภาพ
วิทยาศาสตร์การแพทย์ และสุขภาพ
WY 152 H669m 2015 ฉ.1 
  Barcode: 001344
ห้องสมุดวิทยาเขตสวรรค์ประชารักษ์
►หนังสือทั่วไป
บนชั้น

รายการใกล้เคียง
    หัวเรื่อง [Geriatric Nursing]

BibComment


ยังไม่เคยถูกคอมเมนท์

คอมเมนท์ทรัพยากรรายการนี้
  คอมเมนท์: Miller’s nursing ..


 Copyright 2026. Bcnsprnw @Library